000 00561nam a2200241Ia 4500
003 OSt
005 20220912144337.0
006 a|||||r|||| 00| 0
007 ta
008 220909b |||||||| |||| 00| 0 eng d
020 _aSL0689088
024 _a196180
037 _cTextual
040 _aCSL
_beng
_cCSL
041 _aeng
082 _aY7, L2
100 _aAlland Akexabder
245 0 _aHuman imperative
300 _aviii,185p
700 _aAlland Akexabder
942 _hY7, L2
_cTEXL
_2CC
999 _c5545
_d5545